| 000 | 00696nam a22002177a 4500 | ||
|---|---|---|---|
| 005 | 20230530023231.0 | ||
| 008 | 221214b |||||||| |||| 00| 0 eng d | ||
| 020 | _a978-93-5014-596-8 | ||
| 082 | _a005.8 P184 2019 | ||
| 100 |
_aPandey, O. N. _eauthor |
||
| 245 |
_aCyber security / _cDr. O. N. Pandey, Bhupesh Anesa L. Nitish Pandey |
||
| 250 | _a1st ed. | ||
| 260 |
_aNew Delhi: _bS.K. Katarina, _cc2019. |
||
| 300 |
_a188p.; _bill. |
||
| 504 | _aIncludes index and references | ||
| 505 | _aOriginally published: S.K. Katarina, 2018 | ||
| 541 | _e7023 | ||
| 650 | _aComputer security | ||
| 650 | _aComputer network - Security measures | ||
| 700 |
_aPandey, Bhupesh Anesha N. _eauthor |
||
| 999 |
_c382 _d382 |
||